| 000 | 00978nam a2200265 a 4500 | ||
|---|---|---|---|
| 001 | BRCA_5214 | ||
| 005 | 20190320205003.0 | ||
| 008 | 261110s1901----u--a######---#000-0#eng-# | ||
| 041 | _aeng | ||
| 044 | _au | ||
| 050 | 4 |
_aF1219 _b.N88 1901 |
|
| 100 | 1 |
_aNutall, Zelia _913350 |
|
| 245 | 1 | 0 |
_aThe fundamental principles of old and new world civilizations _ba comparative research based on a study of the ancient mexican religious, sociological and calendarical systems _cby Zelia Nuttall. |
| 260 |
_aCambridge, Massachussets _bPeabody Museum of American Archaeology and Ethnology _c1901 |
||
| 300 |
_a602 p. _bil. _c24 cm. |
||
| 440 | 0 |
_aArchaeological Ethnological papers of the Peabody Museum _v2 _913351 |
|
| 500 | _aIncluye índice analítico y apéndices | ||
| 500 | _aE49 | ||
| 650 | 1 | 4 |
_aMayas _xAntigüedades _99555 |
| 650 | 1 | 4 |
_aCalendario mexicano _98542 |
| 650 | 1 | 4 |
_aCivilización _xHistoria _99808 |
| 650 | 1 | 4 |
_aMitología _99838 |
| 902 | _aGFM | ||
| 942 |
_2lcc _cB |
||
| 999 |
_c4908 _d4908 |
||